| 000 | 00396nam a2200157Ia 4500 | ||
|---|---|---|---|
| 008 | 210210b1971 xxu||||| |||| 00| 0 eng d | ||
| 082 | _a954.87 HASH | ||
| 100 | _aHASAN (Mohibbul). | ||
| 245 | _aHistory of Tipu Sultan. Ed 2. | ||
| 250 | _a | ||
| 260 |
_aCalcutta. _bThe World Press Pvt Ltd., _c1971 |
||
| 300 | _axvi,442 | ||
| 650 | _aTippu | ||
| 690 | _aKarnataka History | ||
| 906 | _a036455 | ||
| 999 |
_c86869 _d86869 |
||